Представление документа в формате MARC21

ПолеНазваниеЗначение
  Тип записи a
  Библиографический уровень m
001 Контрольный номер RU/URAIT/589359
005 Дата корректировки 20260429163701.1
008 Кодируемые данные 260429s2026 RU y f j 000 0 rus u
020 Индекс ISBN __
a ISBN 978-5-534-18295-8
c Цена, тираж 1759.00
040 Источник каталогиз. __
a Служба первич. каталог. ИКО Юрайт
c Служба, преобразующая запись ИКО Юрайт
e Правила каталог. RCR
041 Код языка издания __
a Код языка текста rus
044 Код страны публикации __
a Код страны публикации RU
080 Индекс УДК __
a Индекс УДК 379.85(075.32)
084 Индекс другой классификации/Индекс ББК __
2 Источник индекса rubbk
a Индекс другой классификации/Индекс ББК 65.433я723
100 Автор __
a Автор Стахова Л. В.
q Полное имя Стахова Людмила Вячеславовна
245 Заглавие __
a Заглавие Основы туризма
b Продолж. заглавия учебник для спо
c Ответственность Л. В. Стахова.
256 Характеристики компьютерного файла __
a Характеристики компьютерного файла Электрон. дан.
260 Выходные данные __
a Место издания Москва
b Издательство Юрайт
c Дата издания 2026
300 Физическое описание __
a Объем 330 с
440 Серия __
a Серия Профессиональное образование
500 Примечания __
a Примечание URL: https://urait.ru/bcode/589359 (дата обращения: 29.04.2026).
520 Аннотация __
a Аннотация Данный курс призван обеспечить всестороннее введение в сферу туризма с целью стимулирования дальнейшего интереса к данной предметной области. В нем переплетены вопросы теоретического характера и практической организации туристской деятельности. Затронуты аспекты сущностного подхода к туризму и его классификации, к понятию туриста и его поведения и мотивации, роли и влияния туризма на общество, природную и культурную среды; выделены вопросы государственного участия и влияния; отражены вопросы кластерного подхода к развитию туризма и формированию конкурентоспособных дестинаций. Отдельные темы посвящены инфраструктуре туризма и туристкой деятельности. Соответствует актуальным требованиям федерального государственного образовательного стандарта среднего профессионального образования и профессиональным требованиям. Для студентов образовательных учреждений среднего профессионального образования.
538 Прим. о системных особенностях __
a Прим. о системных особенностях Режим доступа: Электронно-библиотечная система Юрайт, для авториз. пользователей
653 Ключевые слова __
a Ключевые слова Туризм и гостеприимство
653 Ключевые слова __
a Ключевые слова Менеджмент
653 Ключевые слова __
a Ключевые слова Основы туризма
653 Ключевые слова __
a Ключевые слова Туризм
653 Ключевые слова __
a Ключевые слова Введение в туризм
653 Ключевые слова __
a Ключевые слова Туризм. Общие вопросы
856 Электронный адрес документа 40
n Местонахождение сервера Юрайт
g Электронная книга
q Тип электронного формата html
h Имя пользователя ЮРАЙТ
v Часы доступа к ресурсу 20271231
2 Способ доступа Показать документ
x Служебное примечание https://urait.ru/book/cover/D101BA11-2FFB-4609-A2B4-5DA9B380CDFD
u URL https://urait.ru/bcode/589359
856 Электронный адрес документа 48
q Тип электронного формата cover
u URL https://urait.ru/book/cover/D101BA11-2FFB-4609-A2B4-5DA9B380CDFD
911 __
u 0030=https://urait.ru/bcode/589359
911 __
u 073a=9785534182958
u 073d=1759.00
911 __
u 106a=s
911 __
u 900l=
952 Тип литературы __
i Дисциплина Основы туризма
952 Тип литературы __
i Дисциплина Туризм
952 Тип литературы __
i Дисциплина Введение в туризм
952 Тип литературы __
i Дисциплина Туризм. Общие вопросы